Movies Quiz

Random Movies Quiz

Kick-ass women in the movies Quiz Stats

 Plays Quiz not verified by Sporcle

Score 0/25 Timer 10:00
0 Plays Today
% Correct
Jennifer Lawrence
96.3%
Sigourney Weaver
91.9%
Scarlett Johansson
89.7%
Linda Hamilton
87.5%
Angelina Jolie
86.8%
Milla Jovovich
83.8%
Carrie-Anne Moss
82.4%
Chloë Grace Moretz
82.4%
Uma Thurman
80.1%
Daisy Ridley
77.2%
Pam Grier
77.2%
Charlize Theron
69.1%
Miranda Otto
63.2%
% Correct
Emily Blunt
61%
Summer Glau
55.1%
Michelle Yeoh
55.1%
Anne Parillaud
51.5%
Malin Åkerman
49.3%
Mary Elizabeth Winstead
47.8%
Sharon Stone
46.3%
Zhang Ziyi
46.3%
Rosario Dawson
39%
Zoe Saldana
36.8%
Michelle Rodriguez
31.6%
Zoe Bell
28.7%

You're not logged in!

Compare scores with friends on all Sporcle quizzes.
OR
Log In

Sporcle TV

Today on Sporcle TV


Watch our educational content, quiz creation guides, and fun videos on Sporcle TV.

Show Comments

Extras

Created Jul 26, 2016ReportNominate
Tags:Action, female, hero, Heroes, star, women

Top Quizzes Today


Score Distribution

Your Account Isn't Verified!

In order to create a playlist on Sporcle, you need to verify the email address you used during registration. Go to your Sporcle Settings to finish the process.

Report this User

Report this user for behavior that violates our Community Guidelines.

Details: